000 01166nam a22003017a 4500
001 BR8902444
003 BR-BrBNA
005 20230928093223.0
007 ta
008 230509b bl.||||| |||| 00| 0 por d
040 _aBR-BrBNA
_bpor
_cBiblioteca Nacional de Agricultura
041 _a(Por)
072 _aF61; P34
_b2480
_b3830
090 _ 2480 BR8902444
100 1 _aLopes, O.M.N.
110 1 _aEscola Superior de Agricultura Luiz de Queiroz, Piracicaba, SP (Brasil)
_0Tese (Mestrado)
245 1 _aEfeitos de diferentes doses de fosforo e da colonizacao fungica da raiz sobre o crescimento e a absorcao de nutrientes em seringueira (Hevea brasiliensis, Muell. Arg.)
246 1 _aEffects of different phosphorus level and fungal root infection on the growth an nutrient absorption of rubber (Hevea brasiliensis, Muell. Arg.)
260 3 _aPiracicaba, SP (Brasil):
_c1988.
300 _a75 p.
500 _aBibliography p. 54-65 (68 ref.); 10 illus.; 13 tables; Summaries (Eng, Por)
650 _aSERINGUEIRA
650 _aNUTRICAO VEGETAL
650 _aFOSFORO
650 _aMICORRIZA
909 _a202309
_bLucia
_c55
_dLucia Elande
942 _cBK
999 _c43703
_d43703